Marseille de A à Z - Statistiques

Statistiques générales
  • Ce quiz a été pris 256 fois
    247 depuis la dernière actualisation
  • Le résultat moyen est 12 sur 26
Statistiques - réponses
Lettre Réponse Indice % Correct
B Bouillabaisse Plat traditionnel emblématique de la gastronomie marseillaise.
91%
J JUL Rapper marseillais très populaire, connu pour ses nombreux hits et son style ancré dans la culture urbaine de Marseille.
90%
C Calanques Parc national célèbre pour ses criques et paysages magnifiques.
87%
D Didier Deschamps Ancien footballeur et entraîneur de l’OM et de l’équipe de France.
84%
N Notre-Dame de la Garde « la Bonne Mère ».
79%
V Vélodrome Stade emblématique de l’Olympique de Marseille.
79%
Z Zinedine Zidane Footballeur emblématique, symbole du lien Marseille-OM pour beaucoup de supporters.
66%
M MuCEM Musée des civilisations de l’Europe et de la Méditerranée, emblème culturel moderne.
60%
I Îles du Frioul Archipel au large de Marseille, parfait pour les balades et baignades.
58%
G Goudes Quartier typique de pêcheurs au sud de la ville.
51%
S Savon de Marseille Produit traditionnel et symbole historique de la ville.
51%
Y Yamaha Marque de scooter la plus connu à Marseille
48%
O Opéra de Marseille Salle prestigieuse pour les concerts et opéras.
44%
P Parc Longchamp Parc et palais emblématique, avec musée des beaux-arts et fontaine.
44%
E Estaque Quartier pittoresque et inspiration pour de nombreux peintres.
37%
F Fort Saint-Jean Monument historique situé à l’entrée du Vieux-Port.
33%
U Université d’Aix-Marseille Grande université et centre universitaire majeur.
31%
H Hôtel de Ville Bâtiment historique et centre administratif de Marseille.
30%
Q Quartier du Panier Plus ancien quartier de Marseille, typique et pittoresque.
30%
K Kennedy Célèbre route panoramique longeant la Méditerranée, offrant des vues emblématiques sur le Vieux-Port et les îles du Frioul.
27%
L Le Vieux-Port Cœur de la ville, lieu de rencontre et d’animations.
21%
R Rue Saint-Ferréol Artère commerçante emblématique du centre-ville.
15%
A Abbaye Saint-Victor Monastère historique, l’un des plus anciens lieux religieux de Marseille.
12%
W Windsurf et voile Activités nautiques emblématiques de la baie de Marseille.
7%
T Théâtre de la Criée scène culturelle majeure située sur le Vieux-Port.
6%
X XXe siècle Période où Marseille a vu se développer des quartiers modernes et industriels. (Siècle)
5%
Aucun quiz correspondant
Distribution des résultats
% des personnes avec chaque résultat
Percentile par nombre de réponses
Votre historique - résultats
Vous n’avez pas pris ce quiz depuis la dernière actualisation